| 000 | 00830cam a2200277 i 4500 | ||
|---|---|---|---|
| 008 | |||
| 020 | _a0471819670 (hbk.) | ||
| 049 | _aMAIN | ||
| 090 | _aQA379 STA | ||
| 100 | 1 | _aStakgold, Ivar | |
| 245 | 1 | 0 |
_aGreen's functions and boundary value problems / _cIvar Stakgold. |
| 260 |
_aNew York : _bWiley, _c1979 |
||
| 300 |
_axv, 638 p. : _bill. ; _c24 cm. |
||
| 490 | 0 | _aPure and applied mathematics | |
| 500 | _a"A Wiley-Interscience publication." | ||
| 500 | _aIncludes index. | ||
| 504 | _aIncludes bibliographical references. | ||
| 650 | 0 | _aBoundary value problems. | |
| 650 | 0 | _aGreen's functions. | |
| 650 | 0 | _aMathematical physics. | |
| 907 |
_a.b10047748 _b16-01-07 _c17-04-03 |
||
| 003 | |||
| 005 | 20230123134125.0 | ||
| 040 | _cNUST | ||
| 942 |
_cBOOKS _kQA379 STA |
||
| 999 |
_c160445 _d160445 |
||